Statistics for All Conan Gray songs

Click here to take the quiz!

General Stats

  • This quiz has been taken 779 times
  • The average score is 15 of 20

Answer Stats

AlbumAnswer% Correct
Kid KrowHeather
95%
Kid KrowManiac
89%
Sunset SeasonCrush Culture
82%
Kid KrowCheckmate
81%
Kid KrowWish You Were Sober
81%
Kid KrowAffluenza
77%
Sunset SeasonGeneration Why
77%
Sunset SeasonGreek God
77%
Sunset SeasonIdle Town
76%
Sunset SeasonLookalike
76%
Kid KrowThe Story
76%
Kid KrowLittle League
75%
Kid KrowThe Cut That Always Bleeds
75%
Kid KrowComfort Crowd
74%
SingleThe King
73%
Kid Krow(Online Love)
72%
Kid KrowFight or Flight
70%
Kid Krow(Can We Be Friends?)
67%
SingleGrow
62%
SingleThe Other Side
57%

Score Distribution

Percentile by Number Answered

Percent of People with Each Score

Your Score History

You have not taken this quiz